000 00522nmm a2200157Ia 4500
008 251105s9999||||xx |||||||||||||||||und||
020 _a9788492521821
041 _aspa
100 _aFatás Cabeza, Guillermo
245 0 _aDel patrono de la Universidad de Zaragoza y de cómo fue destruida en 1809
264 _a[Madrid, España] :
_bPrensas Universitarias de Zaragoza,
_c2009
300 _a106 páginas
650 _aHistory of Europe: Spain
856 _uhttps://public.digitaliapublishing.com/a/10383
942 _cCF
999 _c88880
_d88880